Name a Valid Pokemon #2 - Statistics

General Stats
  • This quiz has been taken 130 times
  • The average score is 16 of 20
Answer Stats
Name a valid Pokemon that... Pokemon % Correct
starts with X. Xatu/Xerneas/Xurkitree
97%
was an attempt to duplicate Mew. Ditto/Mewtwo
96%
has an ice type regional variant. Vulpix/Ninetales/Sandshrew/Sandslash/etc.
96%
is three-headed. Dugtrio/Dodrio/Magneton/Exeggutor/etc.
95%
is in Cynthia's D&P team. Milotic/Roserade/Gastrodon/Spiritomb/etc.
95%
starts with Q. Quilava/Quagsire/Qwilfish/Quilladin
91%
is spider-based. Spinarak/Ariados/Joltik/Galvantula/etc.
88%
is a legendary that starts with Z. Zapdos/Zekrom/Zygarde/Zeraora/Zacian/etc.
88%
is named "Nebby." Cosmog/Cosmoem/Solgaleo/Lunala
85%
is an extra evolution of a Galarian form. Obstagoon/Perrserker/Cursola/Sirfetch'd/etc.
81%
is one of the top 5 largest Pokemon (Excluding Megas) Alolan Exeggutor/Wailord/Eternatus/etc.
80%
is a water/fighting type legendary. Keldeo/Urshifu
80%
is a Sword & Shield DLC legendary or mythical. Kubfu/Urshifu/Zarude/Calyrex/Regidrago/etc.
77%
is a psychic/fire type. Victini/Delphox
77%
is a Galar Regi. Regidrago/Regieleki
76%
has a palindrome name. Eevee/Girafarig/Ho-oh/Alomomola
74%
is one of the top 5 smallest Pokemon. Joltik/Flabébé/Cutiefly/Comfey/Cosmoem
71%
is a dragon/psychic type. Latias/Latios/Necrozma
66%
is the partner Pokemon of an Alolan kahuna. Crabominable/Lycanroc/Alolan Persian/etc.
62%
is named after a person. Hitmonlee/Hitmonchan/Kangaskhan/etc.
54%
No matching quizzes found
Score Distribution
Percent of People with Each Score
Percentile by Number Answered
Your Score History
You have not taken this quiz